Normal view
MARC view
Entry Personal Name
001 - CONTROL NUMBER
- control field: 27380
003 - CONTROL NUMBER IDENTIFIER
- control field: ARRUPE
005 - DATE AND TIME OF LATEST TRANSACTION
- control field: 20161109123625.0
008 - FIXED-LENGTH DATA ELEMENTS
- fixed length control field: 161109|| aca||aabn | a|a d
040 ## - CATALOGING SOURCE
- Original cataloging agency: ARRUPE
- Transcribing agency: ARRUPE
100 ## - HEADING--PERSONAL NAME
- Personal name: O'Brien, John A.
- Fuller form of name: (John Anthony),
- Dates associated with a name: 1893-1980.
670 ## - SOURCE DATA FOUND
- Source citation: Work cat.: (ARRUPE)0: O'Brien, John A. (John Anthony), 1893-1980., God: can we find him?:, 1942